| 000 | 01216cam a22003737a 4500 | ||
|---|---|---|---|
| 003 | CHAP | ||
| 005 | 20220329142419.0 | ||
| 008 | 010117d2000 us ab r 00110 eng d | ||
| 010 | _a83125 | ||
| 011 | _a84097 | ||
| 020 | _a0849331366 | ||
| 035 | _a94616 | ||
| 040 | _cCHAP | ||
| 082 | 0 | 4 |
_a631.4 _bS84 |
| 100 | 0 | 0 |
_aSumner, Malcolm E. _9110653 |
| 245 | 1 | 0 |
_aHandbook of soil science _c/ed. by Malcolm E. Sumner |
| 260 |
_aBoca Ratón, Flo. : _bCRC Press , _c2000. |
||
| 300 |
_a1858 p. : _bilus. : mapas |
||
| 590 |
_aBATCH-UPD _b10 _c20130109 _lUCH01 _h2357 |
||
| 590 |
_aBATCH-UPD _b10 _c20130110 _lUCH01 _h1515 |
||
| 590 |
_aBATCH-UPD _b10 _c20130409 _lUCH01 _h1931 |
||
| 590 |
_aBATCH-UPD _b10 _c20130410 _lUCH01 _h0930 |
||
| 590 |
_aBATCH-UPD _b10 _c20130914 _lUCH01 _h2035 |
||
| 590 |
_aCONVERSION _b10 _c20130109 _lUCH01 _h1346 |
||
| 650 | 1 | 4 |
_aSuelos. _9110191 |
| 650 | 1 | 4 |
_aSuelos _xFísica de. _9110373 |
| 650 | 1 | 4 |
_aSuelos _xInvestigación. _9110405 |
| 650 | 1 | 4 |
_aSuelos _xManuales de laboratorio. _9110426 |
| 650 | 1 | 4 |
_aSuelos _xQuímica de. _9110470 |
| 901 | _aBK | ||
| 905 | _aMayto Villalobos S. | ||
| 942 | _cLIBRO | ||
| 949 |
_a631.4 S84 _bBC _cC _d33724000800157 _eC _gI.208900 _h99364 _i94616 _sex _t$1.200.00 |
||
| 999 |
_c83125 _d83125 |
||